000 00464nam a2200181Ia 4500
008 240925s9999 xx 000 0 und d
020 _a9789332559493
082 _a658.1511 GUP
100 _aGupta, Ambrish
245 0 _aFinancial Accounting for Management
250 _a5th
260 _aIndia:
_bPearson Education
_c,2018.
300 _axxv, 174p.
_b0
_fOriginal
500 _aIncludes Index
600 _aManagement
650 _aManagement
942 _cBK
999 _c16573
_d16573